Technologie informacyjno-komunikacyjne w procesie kształcenia nauczycieli i ich pracy pedagogicznej

Bibliographic Details
Main Author: Juszczyk, Stanisław (Author)
Format: Article
Language:Polish
ISBN:9788080846756

MARC

LEADER 00000naa a2200000uu 4500
001 vtls010948320
003 SK-MaSNL
005 20260302125222.0
008 210902|2011 xo |||||||||||||||||pol|
015 |a SNBRA 
035 |a (urnnbn)urn:nbn:sk:snk:ar-a0bhk7 
035 |a (uuid)a847dc8d-85c5-4502-a45a-62e3f3893b85 
035 |a urn:nbn:sk:snk-aau9no 
040 |a SNKBUCL  |b slo  |c SNKBUCL  |e AACR2 
041 0 |a pol 
044 |a xo  |c SK 
100 1 |a Juszczyk, Stanisław  |4 aut  |9 48317 
245 1 0 |a Technologie informacyjno-komunikacyjne w procesie kształcenia nauczycieli i ich pracy pedagogicznej  |c Stanisław Juszczyk 
246 3 |a Information and Communication Technologies in the Process of Teachers' Education and their Pedagogical Work 
773 0 |t Tradície a inovácie vo výchove a vzdelávaní modernej generácie učiteľov VI  |d Ružomberok : Verbum, 2011  |g S. 205-214  |z 9788080846756 
958 |a OND 
958 |a article11 
958 |a chapter 
999 |c 1292452  |d 1294382